000 00415nam a2200157Ia 4500
005 20250325134054.0
008 231217s9999 xx 000 0 und d
020 _a9788173713224
082 _a651.78 LEI;1 R
100 _aLeigh, Andrew.
245 0 _aPersuasive reports and proposal
260 _c1997
_bUniversities Press
_aHyderabad
300 _a83
650 _aPersuasive,reports,proposal
942 _cAA
999 _c186008
_d186008